| 000 -LEADER |
| fixed length control field |
00577nam a22001577a 4500 |
| 005 - DATE AND TIME OF LATEST TRANSACTION |
| control field |
20231226172422.0 |
| 008 - FIXED-LENGTH DATA ELEMENTS--GENERAL INFORMATION |
| fixed length control field |
231226s1918 ru ||||| |||| 00| 0 rus d |
| 041 ## - LANGUAGE CODE |
| Language code of text/sound track or separate title |
rus |
| 080 ## - UNIVERSAL DECIMAL CLASSIFICATION NUMBER |
| Universal Decimal Classification number |
573.51 P-82 |
| 100 ## - MAIN ENTRY--PERSONAL NAME |
| Personal name |
Рубакин, Н.А. |
| 9 (RLIN) |
20903 |
| 245 ## - TITLE STATEMENT |
| Title |
Как, когда и почему появились люди на земле? : |
| Remainder of title |
c с рисунками / |
| Statement of responsibility, etc. |
Н.А. Рубакин, |
| 264 ## - PRODUCTION, PUBLICATION, DISTRIBUTION, MANUFACTURE, AND COPYRIGHT NOTICE |
| Place of production, publication, distribution, manufacture |
Петроград, |
| Date of production, publication, distribution, manufacture, or copyright notice |
1918. |
| 300 ## - PHYSICAL DESCRIPTION |
| Extent |
72 с. : |
| Other physical details |
ил.; |
| Dimensions |
22 см. |
| 653 ## - INDEX TERM--UNCONTROLLED |
| keyword |
ადამიანის წარმოშობა |
| 942 ## - ADDED ENTRY ELEMENTS (KOHA) |
| Source of classification or shelving scheme |
|
| Koha item type |
წიგნი |